00561nam a2200145Ia 450000500170000000800460001703700140006304000200007704100130009708400190011024500870012924500840021626000900030065000250039020250508164440.0008 250505s9999 xx 000 0 eng d aReference aFEDLbengcFEDL aeng2eng a372, NATqFEDL 0aElementary education in India: Where do we stand?: District report cards 2004, 2 V 0cNational Institute of Educational Planning and Administration (New Delhi India) aNew Delhi, IndiabNational Institute of Educational Planning and Administrationc2004 aElementary education